Language Quiz

Random Language Quiz

Major constructed languages Quiz Stats

 Plays Quiz not verified by Sporcle

Challenge
Share
Tweet
Embed
Score 0/14 Timer 03:00
0 Plays Today
Creator Language % Correct
L. L. ZamenhofEsperanto
91.9%
J. R. R. TolkienSindarin
78.4%
Marc OkrandKlingon
54.1%
Johann Martin SchleyerVolapük
46.8%
Louis Couturat, et al.Ido
37.8%
International Auxiliary Language AssociationInterlingua
32.4%
Logical Language GroupLojban
30.6%
Creator Language % Correct
François SudreSolresol
25.2%
Sonja Elen KisaToki Pona
20.7%
Giuseppe PeanoLatino sine Flexione
18%
Otto JespersenNovial
15.3%
Edgar de WahlOccidental
12.6%
Waldemar RosenbergerIdiom Neutral
8.1%
Lancelot Hogben, et al.Glosa
4.5%

You're not logged in!

Compare scores with friends on all Sporcle quizzes.
OR
Log In

You Might Also Like...

Show Comments

Extras

Created Jan 15, 2010SourceReportNominate
Tags:constructed, creator, major

Top Quizzes Today


Score Distribution

Your Account Isn't Verified!

In order to create a playlist on Sporcle, you need to verify the email address you used during registration. Go to your Sporcle Settings to finish the process.

Report this User

Report this user for behavior that violates our Community Guidelines.

Details: